000 00420nam a2200181Ia 4500
005 20250603144909.0
008 250603s9999 xx 000 0 und d
020 _a9789350141687
050 _aT 14.5 .D43/
100 _aDhameja, Suresh K.
245 0 _aEnvironmental science
260 _aNew Delhi
260 _bS. K. Kataria & Sons
260 _c2013
300 _a406 p
650 _aNew Delhi
942 _cBK
999 _c40275
_d40275